| 000 | 01182nam a2200313 a 4500 | ||
|---|---|---|---|
| 001 | 000113268 | ||
| 003 | CHAP | ||
| 005 | 20230315113052.0 | ||
| 008 | 170529s2017 mx sm |||||||spa d | ||
| 010 | _a109729 | ||
| 011 | _a110701 | ||
| 040 | _cCHAP | ||
| 090 | _aTesis | ||
| 100 | 1 |
_aLuna Nieto, David _9132380 |
|
| 245 | 1 | 0 |
_aComportamiento productivo de trébol pata de pájaro (Lotus corniculatus L.) en el ciclo verano-otoño _h[En línea] _cpor David Luna Nieto. |
| 260 |
_aChapingo, Méx. : _bEl autor, _c2017. |
||
| 500 | _aPara ver el contenido del material haga clic en la liga | ||
| 502 | _aTesis (Ing. Agr. Esp. en Zootecnia) -- UACH. Departamento de Enseñanza Investigación y Servicio en Zootecnia | ||
| 590 |
_aE5765TAJ _b05 _c20170529 _lUCH01 _h1141 |
||
| 590 |
_aE5765TAJ _b05 _c20170529 _lUCH01 _h1141 |
||
| 650 | 1 | 4 |
_aÁrea foliar. _982450 |
| 650 | 1 | 2 |
_aLotus corniculatus _xFisiología y morfología _9132350 |
| 650 | 1 | 4 |
_aLotus corniculatus _xRendimiento. _9132379 |
| 650 | 1 | 4 |
_aLuz _xEfecto en Lotus corniculatus. _9132351 |
| 856 |
_aFinding aid _uhttp://10.13.5.2/tesis/sist113268.pdf _zTeclea aquí |
||
| 901 | _aBK | ||
| 942 | _cTESIS | ||
| 942 | _n0 | ||
| 999 |
_c109729 _d109729 |
||